Welcome to CU Library Online Public Access Catalogue (OPAC)

Marketing and sales strategies for hostels and travel trade (Record no. 5677)

MARC details
000 -LEADER
fixed length control field 00418nam a22001457a 4500
005 - DATE AND TIME OF LATEST TRANSACTION
control field 20250506142938.0
008 - FIXED-LENGTH DATA ELEMENTS--GENERAL INFORMATION
fixed length control field 250506b |||||||| |||| 00| 0 eng d
020 ## - INTERNATIONAL STANDARD BOOK NUMBER
International Standard Book Number 9788121920902
050 ## - LIBRARY OF CONGRESS CALL NUMBER
Classification number HF5415
Item number NEG
100 ## - MAIN ENTRY--PERSONAL NAME
Personal name Negi, Jagmohan
245 ## - TITLE STATEMENT
Title Marketing and sales strategies for hostels and travel trade
260 ## - PUBLICATION, DISTRIBUTION, ETC.
Place of publication, distribution, etc. New York
Name of publisher, distributor, etc. S. Chand and Company ltd
Date of publication, distribution, etc. c2002
300 ## - PHYSICAL DESCRIPTION
Extent xvi,374p.;
Other physical details ill;
942 ## - ADDED ENTRY ELEMENTS (KOHA)
Source of classification or shelving scheme Library of Congress Classification
Koha item type Books
Suppress in OPAC No
999 ## -
-- 5677
-- 5677
Holdings
Withdrawn status Lost status Source of classification or shelving scheme Damaged status Not for loan Collection Home library Current library Shelving location Date acquired Total checkouts Full call number Barcode Date last seen Copy number Price effective from Koha item type
    Library of Congress Classification     Non-fiction Undergraduate Library (Christ Temple) Undergraduate Library (Christ Temple) General stacks 05/06/2025   HF5415 NEG ulct00002235 05/06/2025 1 05/06/2025 Books
    Library of Congress Classification     Non-fiction Undergraduate Library (Christ Temple) Undergraduate Library (Christ Temple) General stacks 05/06/2025   HF5415 NEG ulct00002236 05/06/2025 1 05/06/2025 Books
© 2023-2024 Copyright: Central University Libraries. All Rights Reserved | Created by: Mahone Tech Office